01196 a2200241 4500003000500000005001700005010001600022020002200038040000900060082001600069100003100085245009900116260003700215300004200252440005300294505033100347650004700678700003200725700003000757942002500787999001900812952012300831Nust20220811154746.0 a 86002243 a0878351744 (pbk.) cNust00a005.133,BRA1 aBrainerd, Walter S.99692910aWATFIV-S fundamentals and style /cWalter S. Brainerd, Charles H. Goldberg, Jonathan L. Gross. aBoston :bBoyd & Fraser,cc1986. axiii, 370, 33, 3 p. :bill. ;c28 cm. 0aBoyd & Fraser programming language series996930 aComputer And Programming (Page-1), Problem Solving And Programming In Fortran (Page-34), Decision Structures (Page-87), Loop Structures (Page-126), Subprograms, Modularity And Stepwise Refinement (Page-167), Arrays (Page-225), Character Data (Page-276), Multi Dimensional Arrays (Page-312), Additional Case Studies (Page-345). 0aFORTRAN (Computer program language)9267341 aGoldberg, Charles H.9969311 aGross, Jonathan L.996932 2ddccBKk005.133,BRA c176688d176688 00102ddc4070aMCSbMCScGENd2016-12-12o005.133,BRApMCS1860r2016-12-08w2016-12-12yBKzAlmirah No.3, Shelf No.3